On war in the 21st century: (Record no. 591232)

000 -LEADER
fixed length control field 01118nam a22001457a 4500
003 - CONTROL NUMBER IDENTIFIER
control field NUST
005 - DATE AND TIME OF LATEST TRANSACTION
control field 20220819084239.0
082 ## - DEWEY DECIMAL CLASSIFICATION NUMBER
Classification number 355.0218, HAM
100 ## - MAIN ENTRY--PERSONAL NAME
Personal name Hammes, Colonel Thomas X.
9 (RLIN) 98160
245 ## - TITLE STATEMENT
Title On war in the 21st century:
Remainder of title The sling and the stone/
Statement of responsibility, etc. Colonel Thomas X. Hammer, USMG
260 ## - PUBLICATION, DISTRIBUTION, ETC.
Place of publication, distribution, etc. Pakistan
Name of publisher, distributor, etc. SVC Book Club
300 ## - PHYSICAL DESCRIPTION
Extent xiv, 321: pages
505 ## - FORMATTED CONTENTS NOTE
Formatted contents note Four generations of warfare (Page-1), The first two generations of modern war (Page-16),Transition to third-generation warfare (Page-23),Changes in society (Page-32), Mao and the birth of fourth- generation war (Page-44), The vietnamese modification (Page-56), The sandinista refinement (Page-76), The intifada: civilians versus an Army (Page-89), The al-Aqsa intifada (Page-111), Al-Qaeda: a transnational enemy (Page-130), Afghanistan: a tribal network (Page-153), Irqa: high-tech versus fourth-generation (Page-172), Technology: not a panacea (Page-190), Characteristics of fourth-generation war (Page-207), Where to from here? (Page-224), Evaluating the threat (Page-246),The future is flexibility (Page-273).
942 ## - ADDED ENTRY ELEMENTS (KOHA)
Source of classification or shelving scheme
Koha item type Book
Holdings
Withdrawn status Lost status Source of classification or shelving scheme Damaged status Not for loan Permanent Location Current Location Shelving location Date acquired Full call number Barcode Date last seen Price effective from Koha item type Public note
          Military College of Signals (MCS) Military College of Signals (MCS) General Stacks 08/19/2022 355.0218, HAM MCS38547 08/19/2022 08/19/2022 Book Almirah Fresh No.44, Shelf No.4
© 2023 Central Library, National University of Sciences and Technology. All Rights Reserved.